| 000 | 00631nam a22002057a 4500 | ||
|---|---|---|---|
| 003 | OSt | ||
| 005 | 20251124133019.0 | ||
| 008 | 251124b |||||||| |||| 00| 0 eng d | ||
| 020 | _a971-27-1336-9. | ||
| 040 |
_aDWCL-Main lib. _cOC |
||
| 082 |
_2New ed. _aFil. 330 S565e 2003 |
||
| 100 | _aSicat, Gerardo P. | ||
| 245 |
_aEconomics : _b elementary economics vol. 1/ _cGerardo P. Sicat |
||
| 250 | _aNew ed. | ||
| 260 |
_aPasig City : _b Anvil Pub., _cc2003. |
||
| 300 |
_axxii, 359 p. : _b ill. _c; 24 cm. |
||
| 504 | _aIncludes index. | ||
| 650 | _aEconomics-Study and teaching. | ||
| 942 |
_2ddc _cBK - FIL _eNew ed. _hFil. _n0 |
||
| 999 |
_c6084 _d6084 |
||